Представление документа в формате MARC21

Поле Инд. ПП Название Значение
Тип записи a
Библиографический уровень m
001 Контрольный номер a17b084c-e2f5-11d9-8547-008048b56a28
005 Дата корректировки 20191112155327.4
008 Кодируемые данные 050622
020 a ISBN 5-7107-8008-1
c Цена, тираж 49.60
040 a Служба первич. каталог. НБ ТвГУ
041 0_ a Код языка текста rus
080 a Индекс УДК 373.5.016:821.161.09
a Индекс УДК 821.161.1(072.3)
084 a Индекс другой классификации/Индекс ББК Ш5(2=411.2)51-4Грибоедов А.С.
a Индекс другой классификации/Индекс ББК Ч426.83
090 x Авторский знак Б39
a Полочн. индекс Ш5(2=411.2)
100 1_ a Автор Безносов Эдуард Львович
245 10 a Заглавие Грибоедов в школе
b Продолж. заглавия кн. для учителя
c Ответственность Э. Л. Безносов, Е. И. Вигдорова
260 0_ a Место издания Москва
c Дата издания 2004
b Издательство Дрофа
300 a Объем 221, [2] с.
b Иллюстрации/ тип воспроизводства ил., [16] л. ил.
c Размеры 21см
440 _0 a Серия Писатель в школе
500 a Примечание На обл. авт. не указаны.
504 a Библиография Библиогр. в конце кн.
583 a Действие Получение впервые 189 22.06.2005
k Исполнитель действия ООО "ТД"Школьник"
650 04 a Основная рубрика Грибоедов, Александр Сергеевич, о нем
650 04 a Основная рубрика Русская литература
x Основная подрубрика История
y Хронологическая подрубрика 19 в.
650 04 a Основная рубрика Литература
x Основная подрубрика Методика преподавания в средней школе
653 0_ a Ключевые слова Грибоедов Александр Сергеевич
a Ключевые слова Русская литература
a Ключевые слова Литература в школе
a Ключевые слова Преподавание литературы
a Ключевые слова Писатели
a Ключевые слова Русские писатели
a Ключевые слова Методика
a Ключевые слова Персоналии
a Ключевые слова 19 в.
700 1_ a Другие авторы Вигдорова Елена Исааковна
e Роль лиц авт.
700 1_ a Другие авторы Антонов А. Г.
e Роль лиц худож.
852 41 t Порядковый номер экземпляра 1
p Инвентарный номер 810413
888 a За счет средств университета
901 t Тип документа m
930 a Новая/Ретро персоналии
a Новая/Ретро методика
952 p 189.2005 49.60 1 810413
c Вид литературы К рн
954 a Дата поступления на обработку 20050628
999 a Подразделение 2 ч.з.